| 000 | 00840cam a22002411 4500 | ||
|---|---|---|---|
| 001 | 13651990 | ||
| 005 | 20201124143113.0 | ||
| 008 | 040712s1954 xx 000 0 eng | ||
| 010 | _a 54012844 | ||
| 040 |
_aDLC _cDLC _dDLC |
||
| 050 | 0 | 0 |
_aJN15 _b.N5 |
| 082 |
_222 _a327.7304 _bNOR |
||
| 100 | 1 |
_aNorthrop, F. S. C. _q(Filmer Stuart Cuckow), _d1893- _99384 |
|
| 245 | 1 | 0 |
_aEuropean Union and United States Foreign Policy : _bA Study in Sociological Jurisprudence/ _cF. S. C. Northrop |
| 260 |
_aNew York: _bMacMillan, _c1954 |
||
| 300 |
_a230 p.; _b22 cm. |
||
| 500 | _aDonated by: Alaa Abdel Ghany | ||
| 651 |
_99382 _aEurope _x--Foreign relations _z--United States |
||
| 651 |
_99383 _aUnited States _x--Foreign relations _z--Europe |
||
| 942 |
_2ddc _cBB |
||
| 999 |
_c12920 _d12920 |
||